| 000 | 00739nam a2200217 i 4500 | ||
|---|---|---|---|
| 001 | 136781 | ||
| 003 | ES-MaACL | ||
| 005 | 20250829133329.0 | ||
| 007 | t| | ||
| 008 | 070214s1982 sp r ||||1| spa d | ||
| 100 | 1 |
_aSaiz Barberá, Juan. _9101625 |
|
| 245 | 1 | 0 |
_aEspaña y la idea de la hispanidad _b: la lucha de las tres Españas / _cJuan Saiz Barberá. |
| 260 |
_aMadrid : _bAsociación Española de Lulianos, _c1982. |
||
| 300 |
_aXI, 286 p. ; _c22 cm. |
||
| 504 | _aBibliografía: p.[369]-380. | ||
| 650 | 7 |
_aHispanidad _2embne _9139321 |
|
| 651 | 4 |
_aEspaña- _xHistoria- _xFilosofía. _98344 |
|
| 710 | 2 |
_aAsociación Española de Lulianos. _91672 |
|
| 852 |
_aES-MaACL _jL-3134 _bR.103835 |
||
| 999 |
_c136781 _d136781 |
||